000 01994nam a2200373 i 4500
003 DO-SdBNP
005 20250321073607.0
007 ta
008 220721b2022 dr a|||| |||| 00| 0 spa d
020 _a9789945868388
040 _aDO-SdBNP
_bspa
_cBNPHU
_erda
082 4 _a972.9302
_bE59s
_222
245 0 0 _aEnriquillo ¿símbolo de la resistencia taína? /
_cManuel García Arévalo, Juan Daniel Balcácer, Lidia Martínez Almánzar, José G. Guerrero ; presentación, Rafael Peralta Romero ; introducción, Denis Mota Álvarez
264 _aSanto Domingo :
_bFundación García Arévalo,
_c2022.
300 _a109 p.áginas :
_bilustraciones ;
_c22 cm.
336 _2rdacontent
_atexto
_btxt
337 _2rdamedia
_asin mediación
_bnc
338 _2rdacarrier
_avolumen
_bnc
500 _aIncluye referencias bibliográficas y notas al pie de las páginas
504 _aBibliografía : p. 115-117
505 _aPresentación --
_tIntroducción -
_tDecreto número 783-21 --
_tEnriquillo, el héroe del Bahoruco /
_rManuel García Arévalo --
_tEnriquillo y la memoria colectiva /
_rJuan Daniel Balcácer --
_tEnriquillo merece e elogio nacional /
_rLidia Martínez de Macarrulla --
_tEnriquillo : ídolo de barro /
_rJuan Francisco Martínez Almánzar --
_tEnriquillo : historia, leyenda y arqueología /
_rJosé G. Guerrero.
590 _aInventariado 2023/MAA
650 4 _aIndígenas de las Antillas
_zHispaniola
_982062
651 4 _aRepública Dominicana --
_xHistoria --
_yColonia, 1503-1844
_911397
651 4 _aRepública Dominicana --
_xHistoria --
_yDescubrimiento y conquista, 1492-1503
_9255
700 1 _aGarcía Arévalo, Manuel
_982908
700 1 _aBalcácer, Juan Daniel,
_d1949-
_96566
700 1 _aMacarrulla, Lidia Martínez de
_984535
700 1 _aMartínez Almanzar, Juan Francisco
_d1950 -
_910459
700 1 _aGuerrero, José G.
700 1 _aPeralta Romero, Rafael,
_d1948-
_epresentación
_979774
910 _aValidad. Control de calidad. MAA
942 _2ddc
_cLBS1
999 _c52209
_d52209